[Event "Dubai HOC blitz op"]
[Site "Dubai"]
[Date "2019.08.11"]
[Round "6"]
[White "Idani, Pouya"]
[Black "Deshpande, Aniruddha M"]
[Result "1-0"]
[WhiteElo "2545"]
[BlackElo "2106"]
[PlyCount "91"]
[EventDate "2019.08.11"]
[EventType "swiss (blitz)"]
[EventRounds "9"]
[EventCountry "UAE"]
[SourceTitle "EXT 2020"]
[Source "ChessBase"]
[SourceDate "2019.10.17"]
[SourceVersion "1"]
[SourceVersionDate "2019.10.17"]
[SourceQuality "1"]

1. d4 Nf6 2. c4 g6 3. g3 Bg7 4. Bg2 0-0 5. Nc3 d6 6. Nf3 Nc6 7. 0-0 a6 8. b3 Rb8 9. d5 Na5 10. Bd2 c5 11. dxc6 Nxc6 12. Rc1 Bd7 13. Ne1 Ne5 14. Nc2 Bc6 15. a4 Bxg2 16. Kxg2 Qd7 17. Bf4 Nh5 18. Bxe5 Bxe5 19. Nd4 Bg7 20. e3 Nf6 21. Qf3 Qc7 22. Rfd1 Qb6 23. h3 Rbc8 24. Rb1 Qb4 25. Rd3 Rfd8 26. Nde2 Qb6 27. g4 e6 28. Ne4 Nxe4 29. Qxe4 Qc6 30. Qxc6 bxc6 31. b4 Rb8 32. Rdb3 Rb7 33. Nf4 Rdb8 34. Nd3 Kf8 35. f4 Ke7 36. e4 Bd4 37. e5 d5 38. c5 Kd7 39. g5 h5 40. gxh6 Rh8 41. Ne1 Rhb8 42. h7 f6 43. Nf3 Bxc5 44. bxc5 Rxb3 45. Rxb3 Rxb3 46. h8Q 1-0

[Event "Dubai HOC blitz op"]
[Site "Dubai"]
[Date "2019.08.11"]
[Round "2"]
[White "Petrov, Nikita"]
[Black "Deshpande, Aniruddha M"]
[Result "1-0"]
[WhiteElo "2583"]
[BlackElo "2106"]
[PlyCount "93"]
[EventDate "2019.08.11"]
[EventType "swiss (blitz)"]
[EventRounds "9"]
[EventCountry "UAE"]
[SourceTitle "EXT 2020"]
[Source "ChessBase"]
[SourceDate "2019.10.17"]
[SourceVersion "1"]
[SourceVersionDate "2019.10.17"]
[SourceQuality "1"]

1. c4 Nf6 2. Nc3 g6 3. e4 d6 4. d4 Bg7 5. h3 0-0 6. Be3 e5 7. d5 a5 8. g4 Na6 9. Nge2 Nc5 10. Ng3 c6 11. Be2 cxd5 12. cxd5 Rb8 13. h4 Bd7 14. a4 Qe7 15. h5 Ne8 16. Kf1 Bf6 17. Bb5 Bg5 18. Bxd7 Nxd7 19. Qd2 h6 20. Kg2 Nc5 21. Rab1 Nb3 22. Bxg5 Qxg5 23. Qxg5 hxg5 24. Nb5 Rc8 25. Rhd1 Rc4 26. Rd3 Nc5 27. Rc3 Rxa4 28. b3 Rb4 29. Nxd6 Nxd6 30. Rxc5 Nxe4 31. Rc4 Nd6 32. Rxb4 axb4 33. Ra1 f5 34. hxg6 Kg7 35. Ra4 Kxg6 36. Rxb4 f4 37. Rb6 Rf6 38. Nh5 Ne8 39. Nxf6 Nxf6 40. d6 Kf7 41. f3 e4 42. fxe4 Nxg4 43. Rxb7+ Ke6 44. d7 Ke7 45. Rb5 Nf6 46. Rxg5 Nxe4 47. Re5+ 1-0

[Event "Barbera del Valles op 41st"]
[Site "Barbera del Valles"]
[Date "2018.07.10"]
[Round "7"]
[White "Miciano, John Marvin"]
[Black "Deshpande, Aniruddha M"]
[Result "1/2-1/2"]
[WhiteElo "2411"]
[BlackElo "2132"]
[PlyCount "111"]
[EventDate "2018.07.04"]
[EventType "swiss"]
[EventRounds "9"]
[EventCountry "ESP"]
[SourceTitle "CBM 185 Extra"]
[Source "ChessBase"]
[SourceDate "2018.07.29"]
[SourceVersion "1"]
[SourceVersionDate "2018.07.29"]
[SourceQuality "1"]

1. e4 c6 2. d4 d5 3. exd5 cxd5 4. Bd3 g6 5. Nf3 Bf5 6. 0-0 Nf6 7. Bf4 Bg7 8. Re1 Bxd3 9. Qxd3 0-0 10. Nbd2 Nc6 11. h3 e6 12. c3 Rc8 13. Ne5 Nd7 14. Nef3 Na5 15. Nf1 a6 16. N1h2 Nf6 17. Re2 Nc4 18. Rae1 b5 19. Bg5 Qc7 20. Bxf6 Bxf6 21. Ne5 Bg7 22. Qf3 Nd6 23. Nhg4 Nf5 24. Nd3 a5 25. a3 Nh4 26. Qe3 Nf5 27. Qd2 Rfe8 28. Qd1 Nd6 29. Nge5 Nc4 30. Nf3 Qb6 31. Qc1 Nd6 32. Qf4 Ne4 33. Nfe5 Qc7 34. Qe3 Nd6 35. Qd2 Nc4 36. Qd1 Nxe5 37. dxe5 Red8 38. Nc1 b4 39. cxb4 axb4 40. axb4 Qb6 41. Nd3 Bf8 42. Qd2 Rb8 43. b3 Bxb4 44. Nxb4 Qxb4 45. Qxb4 Rxb4 46. Re3 Rdb8 47. Rb1 Rc8 48. g3 g5 49. Rb2 Kg7 50. Kg2 h5 51. Ra2 d4 52. Rd3 Rc3 53. Rad2 Rcxb3 54. Rxb3 Rxb3 55. Rxd4 Kg6 56. g4 1/2-1/2